[Event "FIDE World Rapid Team"]
[Site "Almaty KAZ"]
[Date "2024.08.03"]
[Round "6.1"]
[White "Nihal, Sarin"]
[Black "Mamedyarov, Shakhriyar"]
[Result "1/2-1/2"]
[WhiteTitle "GM"]
[BlackTitle "GM"]
[WhiteElo "2668"]
[BlackElo "2733"]
[WhiteTeam "Ashdod Chess Club"]
[BlackTeam "Kazchess"]
[WhiteFideId "25092340"]
[BlackFideId "13401319"]
[EventDate "2024.08.02"]

1. e4 c5 2. Nf3 a6 3. c3 d5 4. exd5 Qxd5 5. d4 e6 6. Be3 Nd7 7. Nbd2 Ngf6 8. Bc4
Qc6 9. a4 cxd4 10. Bxd4 Bc5 11. O-O O-O 12. a5 b5 13. axb6 Qxb6 14. Bxc5 Nxc5
15. b4 Nce4 16. Nxe4 Nxe4 17. Qc2 Bb7 18. Bd3 Nf6 19. Ng5 g6 20. Ne4 Bxe4 21.
Bxe4 Rac8 22. Bf3 Qxb4 23. Qxg6+ hxg6 24. cxb4 Rc4 25. Rxa6 1/2-1/2

[Event "FIDE World Rapid Team"]
[Site "Almaty KAZ"]
[Date "2024.08.03"]
[Round "6.2"]
[White "Svidler, Peter"]
[Black "Eljanov, Pavel"]
[Result "1-0"]
[WhiteTitle "GM"]
[BlackTitle "GM"]
[WhiteElo "2698"]
[BlackElo "2672"]
[WhiteTeam "Kazchess"]
[BlackTeam "Ashdod Chess Club"]
[WhiteFideId "4102142"]
[BlackFideId "14102951"]
[EventDate "2024.08.02"]

1. c4 e6 2. Nf3 d5 3. g3 Nf6 4. Bg2 Be7 5. O-O O-O 6. b3 d4 7. e3 c5 8. Ne5 Nbd7
9. exd4 cxd4 10. Nd3 e5 11. Re1 e4 12. Bxe4 Nxe4 13. Rxe4 Nf6 14. Re1 Bg4 15. f3
Bf5 16. Nf2 Re8 17. Ba3 h5 18. Bxe7 Rxe7 19. Rxe7 Qxe7 20. d3 h4 21. Nd2 Qe3 22.
Nf1 Qe5 23. Qd2 Re8 24. Qg5 hxg3 25. Nxg3 Bd7 26. Qxe5 Rxe5 27. Nfe4 Nh7 28. Kf2
Nf8 29. f4 Ra5 30. a3 Bc8 31. Nd6 Rc5 32. Re1 Rc6 33. Nxc8 Rxc8 34. Nf5 Rc5 35.
Nxd4 Ng6 36. Re8+ Kh7 37. Kg3 Rc7 38. f5 Nh8 39. Kf4 1-0

[Event "FIDE World Rapid Team"]
[Site "Almaty KAZ"]
[Date "2024.08.03"]
[Round "6.3"]
[White "Volokitin, Andrei"]
[Black "Grischuk, Alexander"]
[Result "0-1"]
[WhiteTitle "GM"]
[BlackTitle "GM"]
[WhiteElo "2667"]
[BlackElo "2708"]
[WhiteTeam "Ashdod Chess Club"]
[BlackTeam "Kazchess"]
[WhiteFideId "14107090"]
[BlackFideId "4126025"]
[EventDate "2024.08.02"]

1. e4 e5 2. Nf3 Nc6 3. Bc4 Bc5 4. O-O Nf6 5. d3 O-O 6. h3 d6 7. c3 a6 8. a4 Ba7
9. Re1 h6 10. Nbd2 Be6 11. Bxe6 fxe6 12. b4 Ne7 13. Nf1 Ng6 14. Ra2 Rf7 15. d4
exd4 16. cxd4 c5 17. bxc5 dxc5 18. d5 exd5 19. exd5 Qxd5 20. Rd2 Qc6 21. Qc2 Nd7
22. Rde2 Ndf8 23. N1h2 Rd8 24. Ng4 Rxf3 25. gxf3 Qxf3 26. Qc4+ Kh7 27. Re3 Qf5
28. Bb2 Rd7 29. Nf6+ gxf6 30. Re7+ Rxe7 31. Rxe7+ Kh8 32. Qf7 Qb1+ 33. Kg2 Nh4+
34. Kg3 Qg1+ 0-1

[Event "FIDE World Rapid Team"]
[Site "Almaty KAZ"]
[Date "2024.08.03"]
[Round "6.4"]
[White "Ansat, Aldiyar"]
[Black "Alekseev, Evgeny"]
[Result "0-1"]
[WhiteTitle "IM"]
[BlackTitle "GM"]
[WhiteElo "2457"]
[BlackElo "2537"]
[WhiteTeam "Kazchess"]
[BlackTeam "Ashdod Chess Club"]
[WhiteFideId "13715658"]
[BlackFideId "4138147"]
[EventDate "2024.08.02"]

1. e4 e5 2. Nf3 Nc6 3. Bb5 Nf6 4. d3 Bc5 5. O-O d6 6. c3 O-O 7. h3 Ne7 8. d4 Bb6
9. Re1 Ng6 10. Na3 c6 11. Bf1 h6 12. Nc4 Bc7 13. a4 Re8 14. dxe5 dxe5 15. Qc2
Nh7 16. Be3 Qf6 17. Nh2 Nf4 18. Rad1 Qg6 19. Kh1 Ng5 20. f3 b6 21. Bxf4 exf4 22.
Bd3 Qh5 23. e5 Be6 24. Nd6 Red8 25. Bf5 Rd7 26. Bxe6 Nxe6 27. Qe4 Rad8 28. Qxc6
Qg6 29. Rd2 Nf8 30. Red1 Qe6 31. Qd5 f6 32. Qxe6+ Nxe6 33. Nf1 Nc5 34. Ne4 Nxe4
35. fxe4 Rxd2 36. Rxd2 Rxd2 37. Nxd2 Bxe5 38. Kg1 Kf7 39. Kf2 g5 40. Nc4 Ke6 41.
Ke2 h5 42. Kd3 g4 43. hxg4 hxg4 44. b4 f5 45. Nd2 Bf6 46. a5 bxa5 47. bxa5 Bd8
48. a6 Bb6 49. c4 f3 50. exf5+ Kxf5 51. g3 Ke5 52. Ne4 Bg1 53. Nd2 Bf2 54. Nf1
Kf5 55. Kc3 Ke4 56. Kb4 Bd4 57. Kb5 f2 58. c5 Kf3 59. c6 Bb6 60. Kc4 Kg2 61. Nd2
Kxg3 62. Kd5 Kf4 63. Kd6 g3 64. Nc4 Bd8 65. Kd7 f1=Q 66. Nd6 Qxa6 0-1

[Event "FIDE World Rapid Team"]
[Site "Almaty KAZ"]
[Date "2024.08.03"]
[Round "6.5"]
[White "Khotenashvili, Bella"]
[Black "Assaubayeva, Bibisara"]
[Result "1/2-1/2"]
[WhiteTitle "GM"]
[BlackTitle "IM"]
[WhiteElo "2427"]
[BlackElo "2470"]
[WhiteTeam "Ashdod Chess Club"]
[BlackTeam "Kazchess"]
[WhiteFideId "13602640"]
[BlackFideId "13708694"]
[EventDate "2024.08.02"]

1. g3 c5 2. c4 g6 3. Nc3 Bg7 4. Bg2 Nc6 5. d3 e6 6. h4 h6 7. h5 g5 8. f4 gxf4 9.
Bxc6 dxc6 10. gxf4 b6 11. Nf3 Bb7 12. Qc2 Ne7 13. e4 Qd7 14. Be3 O-O-O 15. O-O-O
Bd4 16. Qf2 Rhg8 17. Ne2 Bh8 18. Kc2 Kb8 19. Rhg1 Rxg1 20. Qxg1 Ng8 21. e5 Ne7
22. Ng3 f6 23. Qh2 Ka8 24. Qh4 Rf8 25. Bd2 fxe5 26. Nxe5 Qe8 27. Re1 Bc8 28. Qh1
Kb7 29. Qe4 Rg8 30. Re3 Bxe5 31. fxe5 Nf5 32. Nxf5 exf5 33. Qf4 Be6 34. Qxh6 Ka6
35. Qf6 Rf8 36. Qh4 Qd7 37. Qf4 Rg8 38. Rg3 Rg4 39. Rxg4 fxg4 40. h6 Bf5 41. Qg3
Qd4 42. b3 Qa1 43. Bc3 Qf1 44. Bd2 b5 45. Qe3 bxc4 46. bxc4 Qa1 47. Qxc5 Qxa2+
48. Kc1 Qa1+ 49. Kc2 Qa2+ 50. Kc3 Qa1+ 51. Kc2 Qa2+ 52. Kc1 Qa1+ 1/2-1/2

[Event "FIDE World Rapid Team"]
[Site "Almaty KAZ"]
[Date "2024.08.03"]
[Round "6.6"]
[White "Ayapov, Alimzhan"]
[Black "Tanikin, Isabek"]
[Result "0-1"]
[WhiteElo "2001"]
[BlackElo "1952"]
[WhiteTeam "Kazchess"]
[BlackTeam "Ashdod Chess Club"]
[WhiteFideId "13727125"]
[BlackFideId "13728717"]
[EventDate "2024.08.02"]

1. d4 Nf6 2. Bf4 g6 3. Nc3 Bg7 4. e4 d6 5. Qd2 O-O 6. O-O-O Nbd7 7. e5 Nh5 8.
Bh6 dxe5 9. dxe5 Bxe5 10. Be2 Ng7 11. Nf3 Bf6 12. h4 c6 13. Ne4 Qb6 14. Nxf6+
Nxf6 15. h5 Bf5 16. hxg6 Bxg6 17. Qc3 Rfd8 18. Rxd8+ Rxd8 19. Nh4 Qxf2 20. Nxg6
hxg6 21. Bf3 Nf5 22. Bg5 Qd4 23. Rd1 Qxd1+ 24. Bxd1 Ne4 25. Qe5 Nxg5 26. g4 f6
27. Qa5 Rd5 28. Qxa7 Nd6 29. Qe3 Re5 30. Qb3+ Kg7 31. c3 Nge4 32. Qc2 Nc4 33.
Bf3 Ned2 34. b3 Re1+ 35. Bd1 Ne3 36. Qxd2 Rxd1+ 37. Qxd1 Nxd1 38. Kxd1 Kf7 39.
Ke2 Ke6 40. Ke3 Kd5 41. a4 e5 42. a5 f5 43. gxf5 gxf5 44. Kd3 Kc5 45. b4+ Kb5
46. Ke3 Kc4 47. Kd2 f4 48. Kc2 e4 49. Kd2 e3+ 50. Kc2 f3 0-1

[Event "FIDE World Rapid Team"]
[Site "Almaty KAZ"]
[Date "2024.08.03"]
[Round "6.7"]
[White "Sindarov, Javokhir"]
[Black "Niemann, Hans Moke"]
[Result "1-0"]
[WhiteTitle "GM"]
[BlackTitle "GM"]
[WhiteElo "2674"]
[BlackElo "2711"]
[WhiteTeam "Royal Chess"]
[BlackTeam "GMHans.com"]
[WhiteFideId "14205483"]
[BlackFideId "2093596"]
[EventDate "2024.08.02"]

1. e4 e5 2. Nf3 Nc6 3. Bc4 Nf6 4. Ng5 d5 5. exd5 Na5 6. Bb5+ c6 7. dxc6 bxc6 8.
Bd3 Nd5 9. Nf3 Bd6 10. O-O Nf4 11. Nc3 Nxd3 12. cxd3 O-O 13. Ne4 c5 14. b3 Ba6
15. Re1 Nc6 16. Ba3 Bxd3 17. Nxd6 Qxd6 18. Rc1 Rfe8 19. Bxc5 Qd7 20. h3 a5 21.
Rc3 h6 22. Re3 e4 23. Ne1 Nb4 24. Bxb4 axb4 25. Rc5 Rxa2 26. Nxd3 exd3 27. Qg4
Ra1+ 28. Kh2 Qd6+ 29. Rg3 g6 30. Rc8 Re1 31. Rxe8+ Rxe8 32. Qc4 h5 33. f4 Rd8
34. Re3 h4 35. Re4 Qb6 36. Qxb4 Qxb4 37. Rxb4 Kg7 38. Rc4 Kf6 39. b4 Ke6 40. f5+
Kxf5 41. Rxh4 Ke5 42. b5 Kd5 43. Rb4 Kc5 44. Rb3 Kb6 45. Kg3 Rd5 46. Kf3 Rd6 47.
Ke3 Rf6 48. Rb4 Rd6 49. h4 Kc5 50. Rb3 Kc4 51. Rb1 Re6+ 52. Kf4 Rf6+ 53. Kg5
Rf5+ 54. Kg4 Rxb5 55. Rxb5 Kxb5 56. Kf4 Kc4 57. Ke3 f6 58. g4 1-0

[Event "FIDE World Rapid Team"]
[Site "Almaty KAZ"]
[Date "2024.08.03"]
[Round "6.8"]
[White "Tabatabaei, M. Amin"]
[Black "Yakubboev, Nodirbek"]
[Result "1-0"]
[WhiteTitle "GM"]
[BlackTitle "GM"]
[WhiteElo "2712"]
[BlackElo "2655"]
[WhiteTeam "GMHans.com"]
[BlackTeam "Royal Chess"]
[WhiteFideId "12521213"]
[BlackFideId "14203987"]
[EventDate "2024.08.02"]

1. e4 e5 2. Nf3 Nc6 3. Bc4 Nf6 4. d3 Be7 5. O-O O-O 6. Nc3 d6 7. a4 Bg4 8. h3
Bxf3 9. Qxf3 Nd4 10. Qd1 c6 11. Ba2 Ne6 12. Bxe6 fxe6 13. a5 b5 14. axb6 axb6
15. Bd2 b5 16. Ne2 Qd7 17. Ng3 Qb7 18. Qe2 Rxa1 19. Rxa1 Ra8 20. Qd1 Ra6 21. Bg5
h6 22. Rxa6 Qxa6 23. Bxf6 Bxf6 24. Nh5 Kf7 25. b3 Qa7 26. g3 g6 27. Nxf6 Kxf6
28. Qf3+ Kg7 29. Qg4 Qe7 30. h4 h5 31. Qd1 c5 32. Qa1 b4 33. Qa6 Kh6 34. Qc8 Kg7
35. Kg2 Kh7 36. Kh3 Kg7 37. f3 Kh7 38. Kg2 Kg7 39. Qc6 Kh6 40. Qa8 Kg7 41. Qa1
Kh7 42. Qc1 Kg7 43. Qe3 Qd8 44. Kf2 Qe7 45. Ke2 Qd8 46. Kd2 Qf6 47. Kc1 Kf7 48.
Kb1 Ke8 49. Kb2 Kf7 50. Qh6 Qg7 51. Qc1 Qf6 52. Qe3 Kg7 53. Qe2 Qf8 54. Qg2 Qf6
55. Kb1 Kh7 56. Qf2 Kg7 57. Kc1 Kh7 58. Kd1 Kg7 59. Ke2 g5 60. hxg5 Qxg5 61. Kf1
Kg6 62. Kg2 h4 63. g4 Qc1 64. Qxh4 Qxc2+ 65. Kg3 Qxb3 66. g5 Qd1 67. Qh6+ Kf7
68. Qf6+ Kg8 69. Qxe6+ Kg7 70. Qf6+ Kg8 71. Kg4 Qd2 72. Qe6+ Kg7 73. Qe7+ Kg8
74. Kh5 1-0

[Event "FIDE World Rapid Team"]
[Site "Almaty KAZ"]
[Date "2024.08.03"]
[Round "6.9"]
[White "Vokhidov, Shamsiddin"]
[Black "Dardha, Daniel"]
[Result "1-0"]
[WhiteTitle "GM"]
[BlackTitle "GM"]
[WhiteElo "2643"]
[BlackElo "2608"]
[WhiteTeam "Royal Chess"]
[BlackTeam "GMHans.com"]
[WhiteFideId "14204223"]
[BlackFideId "240990"]
[EventDate "2024.08.02"]

1. e4 c5 2. Nf3 Nc6 3. d4 cxd4 4. Nxd4 Nf6 5. Nc3 e5 6. Ndb5 d6 7. Bg5 a6 8. Na3
b5 9. Bxf6 gxf6 10. Nd5 f5 11. g3 Bg7 12. exf5 Bxf5 13. Bg2 Be6 14. c3 O-O 15.
Nc2 Rc8 16. a4 bxa4 17. Rxa4 a5 18. Nce3 Rb8 19. Qe2 Nd4 20. Qd1 Nb3 21. Rh4 h6
22. O-O f5 23. Bh3 Nc5 24. b4 axb4 25. cxb4 Nd7 26. Rh5 Nf6 27. Nxf6+ Rxf6 28.
Bxf5 Bf7 29. Ng4 Bxh5 30. Nxf6+ Qxf6 31. Qxh5 d5 32. b5 Rf8 33. Bd7 d4 34. Qg4
Kh8 35. Qe4 Rd8 36. Qc6 d3 37. Rd1 Qe7 38. Rxd3 e4 39. Rd6 Qg5 40. h4 Qh5 41.
Qxe4 Rf8 42. Rd2 Qc5 43. Kg2 Qc1 44. Rc2 Qd1 45. Bg4 Qb1 46. Qc4 Re8 47. Re2 Rb8
48. Bd7 Qd1 49. Bc6 Rd8 50. b6 Bd4 51. Qe6 1-0

[Event "FIDE World Rapid Team"]
[Site "Almaty KAZ"]
[Date "2024.08.03"]
[Round "6.10"]
[White "Hong, Andrew"]
[Black "Vakhidov, Jakhongir"]
[Result "1-0"]
[WhiteTitle "GM"]
[BlackTitle "GM"]
[WhiteElo "2572"]
[BlackElo "2571"]
[WhiteTeam "GMHans.com"]
[BlackTeam "Royal Chess"]
[WhiteFideId "2099438"]
[BlackFideId "14201801"]
[EventDate "2024.08.02"]

1. e4 c5 2. Nf3 g6 3. c3 d5 4. exd5 Qxd5 5. d4 Bg7 6. Nbd2 cxd4 7. Bc4 Qd8 8.
Nxd4 Nf6 9. N2f3 O-O 10. O-O Qc7 11. Qe2 Bg4 12. h3 Bxf3 13. Nxf3 Nc6 14. Re1
Na5 15. Bd3 Nd5 16. Qe4 Rad8 17. Bf1 e5 18. Qh4 f6 19. Bd2 Nc6 20. Rad1 Kh8 21.
b4 Nce7 22. c4 Nf5 23. Qe4 Nde7 24. c5 b6 25. Rc1 bxc5 26. Rxc5 Qb6 27. Rec1 Nd6
28. Qc2 h6 29. a4 Qb8 30. b5 f5 31. Nxe5 Ne4 32. Bf4 Qb6 33. Rc7 Rd2 34. Qxd2
Nxd2 35. Rxe7 Ne4 36. Be3 Qf6 37. Rc6 Qxe5 38. Rxe5 Bxe5 39. Rxg6 Rf7 40. Rxh6+
Kg7 41. Ra6 Bb8 42. Bd4+ Kh7 43. g3 Rd7 44. Be3 Kg7 45. Bc4 Nd6 46. Be6 Re7 47.
Bd5 Ne8 48. Bh6+ Kh7 49. Bf8 Re1+ 50. Kg2 Ng7 51. Rf6 Rd1 52. Rf7 Be5 53. Bf3
Rd2 54. Bc5 f4 55. Be4+ Kh6 56. gxf4 Bd4 57. Bxd4 Rxd4 58. Rf6+ 1-0

[Event "FIDE World Rapid Team"]
[Site "Almaty KAZ"]
[Date "2024.08.03"]
[Round "6.11"]
[White "Nurman, Alua"]
[Black "Salimova, Nurgyul"]
[Result "1-0"]
[WhiteTitle "WIM"]
[BlackTitle "IM"]
[WhiteElo "2324"]
[BlackElo "2412"]
[WhiteTeam "Royal Chess"]
[BlackTeam "GMHans.com"]
[WhiteFideId "13729390"]
[BlackFideId "2915138"]
[EventDate "2024.08.02"]

1. e4 c6 2. d4 d5 3. e5 c5 4. Nf3 cxd4 5. Qxd4 Nc6 6. Qf4 g6 7. Nc3 d4 8. Bc4
Bf5 9. e6 fxe6 10. Nb5 Rc8 11. g4 Bh6 12. Qg3 Qa5+ 13. c3 dxc3 14. Nxc3 Nb4 15.
Bb5+ Kf8 16. O-O Bd3 17. Bxh6+ Nxh6 18. Qf4+ Kg7 19. Qe5+ Kf8 20. Qxh8+ Ng8 21.
Bxd3 Nxd3 22. Qd4 Rd8 23. Qe4 Nf6 24. Qe3 Nxg4 25. Qg5 Qb4 26. Rad1 Kf7 27. h3
Ngxf2 28. Rxf2 Nxf2 29. Ne5+ Ke8 30. Rxd8+ Kxd8 31. Qd2+ Ke8 32. Qxf2 a6 33. a3
Qd6 34. Nf7 Qd3 35. Ng5 Qc4 36. Nxh7 e5 37. Ng5 Qd3 38. Qf7+ Kd8 39. Ne6+ 1-0

[Event "FIDE World Rapid Team"]
[Site "Almaty KAZ"]
[Date "2024.08.03"]
[Round "6.12"]
[White "Mero, Aghiad."]
[Black "Khassenov, Mansur"]
[Result "1/2-1/2"]
[WhiteElo "1817"]
[BlackElo "1982"]
[WhiteTeam "GMHans.com"]
[BlackTeam "Royal Chess"]
[WhiteFideId "7608420"]
[BlackFideId "13768700"]
[EventDate "2024.08.02"]

1. d4 Nf6 2. c4 g6 3. Nc3 d5 4. e3 Bg7 5. cxd5 Nxd5 6. Nxd5 Qxd5 7. Ne2 O-O 8.
Nc3 Qd8 9. Be2 c5 10. d5 b6 11. O-O Bb7 12. e4 Nd7 13. Bf4 Rc8 14. Qd2 Nf6 15.
Bf3 Qd7 16. e5 Ne8 17. Rad1 Nc7 18. Qe2 Ba6 19. Qe3 Bxf1 20. Rxf1 Nb5 21. e6
fxe6 22. Bg4 Nd4 23. Rd1 Nf5 24. Qe4 Bxc3 25. bxc3 exd5 26. Rxd5 Qc6 27. Qd3 c4
28. Qe4 Rcd8 29. Re5 Qxe4 30. Rxe4 b5 31. g3 a5 32. a4 bxa4 33. Rxc4 Rc8 34.
Rxa4 Rxc3 35. Rxa5 h5 36. Bh3 Nd4 37. Kg2 Rc2 38. Be3 Nf5 39. Bc5 Re2 40. Ra1
Nd6 41. Rf1 Ne4 42. Be6+ Kh7 43. Be3 Nd6 44. Bd5 Nf5 45. Bg5 e6 46. Bc4 Re4 47.
Bd3 Rd4 48. Bb1 Rb8 49. Re1 e5 50. Bf6 Rd2 51. Bg5 Rd5 52. Rc1 Rd7 53. Be4 Nd4
54. Bf6 Re8 55. Rc5 Rd6 56. Bxe5 Rde6 57. f4 Nf5 58. Kh3 Nh6 59. Bf3 Nf7 60. Bd5
R6e7 61. Bf6 Ra7 62. Rc2 Nh6 63. Bf3 Rf7 64. Bg5 Nf5 1/2-1/2

[Event "FIDE World Rapid Team"]
[Site "Almaty KAZ"]
[Date "2024.08.03"]
[Round "6.13"]
[White "Teclaf, Pawel"]
[Black "Gurel, Ediz"]
[Result "1/2-1/2"]
[WhiteTitle "GM"]
[BlackTitle "GM"]
[WhiteElo "2553"]
[BlackElo "2602"]
[WhiteTeam "Q4Rail Kingsofchess Krakow"]
[BlackTeam "Rookies"]
[WhiteFideId "1185934"]
[BlackFideId "44507356"]
[EventDate "2024.08.02"]

1. Nf3 d5 2. e3 Nf6 3. c4 c6 4. Nc3 e6 5. b3 Nbd7 6. Qc2 Bd6 7. Be2 O-O 8. Bb2
Qe7 9. O-O b6 10. cxd5 exd5 11. Nd4 Nb8 12. Nf5 Bxf5 13. Qxf5 Nbd7 14. Rad1 Rac8
15. Rfe1 Rfe8 16. g3 g6 17. Qh3 h5 18. Qg2 Ba3 19. Ba1 Qe6 20. Bf1 Bf8 21. Ne2
Bg7 22. d3 Ne5 23. e4 dxe4 24. dxe4 Qe7 25. Nd4 Qb4 26. f4 Neg4 27. h3 Nh6 28.
e5 Nd5 29. Nxc6 Qc5+ 30. Nd4 h4 31. Kh2 hxg3+ 32. Qxg3 Rcd8 33. e6 Bxd4 34. Bxd4
Qc2+ 35. Qf2 Qxf2+ 36. Bxf2 fxe6 37. Bb5 Rf8 38. Rxe6 Nxf4 39. Rxd8 Rxd8 40.
Re8+ Rxe8 41. Bxe8 Nf5 42. Bb5 Kf7 43. a4 Nd6 44. Bf1 Ne4 45. Be3 Nd5 46. Bc4
Ke6 47. a5 bxa5 48. Bxa7 Nd2 49. Kg3 Nxc4 50. bxc4 Nb4 51. Bd4 Kf5 52. Bc3 Nc6
53. Kf3 Ne5+ 54. Ke3 Nxc4+ 55. Kd4 Ne5 56. Kd5 Nd3 57. Bxa5 Nf4+ 58. Kd4 Nxh3
59. Ke3 Kg4 60. Bd8 Nf4 61. Kf2 Ne6 62. Be7 Nd4 63. Bf6 Nc6 64. Kg2 Kf5 65. Bh4
g5 66. Bxg5 Ke5 1/2-1/2

[Event "FIDE World Rapid Team"]
[Site "Almaty KAZ"]
[Date "2024.08.03"]
[Round "6.14"]
[White "Zemlyanskii, Ivan"]
[Black "Gareyev, Timur"]
[Result "0-1"]
[WhiteTitle "FM"]
[BlackTitle "GM"]
[WhiteElo "2543"]
[BlackElo "2541"]
[WhiteTeam "Rookies"]
[BlackTeam "Q4Rail Kingsofchess Krakow"]
[WhiteFideId "24249971"]
[BlackFideId "14200937"]
[EventDate "2024.08.02"]

1. e4 e5 2. Nf3 Nc6 3. Bc4 Bc5 4. c3 Nf6 5. d3 d6 6. O-O h6 7. Re1 Bb6 8. Nbd2
g5 9. b4 Nh5 10. g3 Qf6 11. Kh1 Bg4 12. a4 a5 13. bxa5 Nxa5 14. Kg2 Rg8 15. Ba2
O-O-O 16. Rf1 Rg6 17. h3 Nf4+ 18. gxf4 Bxh3+ 19. Kxh3 g4+ 20. Kg2 Rdg8 21. Ng5
exf4 22. Qxg4+ Kb8 23. Kf3 Rxg5 24. Qxf4 Qxc3 25. Nc4 Qxd3+ 26. Be3 Nc6 27. Qh4
Nd4+ 28. Kf4 Rf5+ 0-1

[Event "FIDE World Rapid Team"]
[Site "Almaty KAZ"]
[Date "2024.08.03"]
[Round "6.15"]
[White "Bernadskiy, Vitaliy"]
[Black "Samadov, Read"]
[Result "1/2-1/2"]
[WhiteTitle "GM"]
[BlackTitle "IM"]
[WhiteElo "2530"]
[BlackElo "2509"]
[WhiteTeam "Q4Rail Kingsofchess Krakow"]
[BlackTeam "Rookies"]
[WhiteFideId "14100371"]
[BlackFideId "13417444"]
[EventDate "2024.08.02"]

1. e4 c5 2. Nc3 d6 3. d4 cxd4 4. Qxd4 Nc6 5. Qe3 Nf6 6. Nf3 g6 7. Bc4 Bg7 8. h3
O-O 9. O-O b6 10. Rd1 Nd7 11. Qe2 Bb7 12. Bg5 h6 13. Rxd6 hxg5 14. Rxg6 e6 15.
Rxg5 Nde5 16. h4 Qf6 17. Nxe5 Nxe5 18. Bb3 Rfd8 19. Qe3 Kf8 20. Qg3 Ng6 21. Re1
Bh6 22. e5 Qf4 23. Rxg6 fxg6 24. Qxg6 Rd2 25. Rf1 Re8 26. g3 Qf3 27. Qxh6+ Kf7
28. Qh7+ Kf8 29. Qh6+ Kf7 30. Qh7+ Kf8 1/2-1/2

[Event "FIDE World Rapid Team"]
[Site "Almaty KAZ"]
[Date "2024.08.03"]
[Round "6.16"]
[White "Bivol, Alina"]
[Black "Gumularz, Szymon"]
[Result "0-1"]
[WhiteTitle "IM"]
[BlackTitle "GM"]
[WhiteElo "2345"]
[BlackElo "2571"]
[WhiteTeam "Rookies"]
[BlackTeam "Q4Rail Kingsofchess Krakow"]
[WhiteFideId "4100123"]
[BlackFideId "1188062"]
[EventDate "2024.08.02"]

1. e4 g6 2. d4 Bg7 3. Nc3 c6 4. g3 d6 5. Nge2 Nf6 6. h3 b5 7. a3 O-O 8. Bg2 e5
9. O-O Bb7 10. Be3 Nbd7 11. g4 a5 12. Ng3 b4 13. Nce2 d5 14. dxe5 Nxe5 15. Bc5
Re8 16. axb4 axb4 17. Rxa8 Qxa8 18. Bxb4 dxe4 19. Bc5 Nf3+ 20. Bxf3 exf3 21. Nc3
Qa5 22. b4 Qa3 23. Nb1 Qb2 24. c3 Ba6 25. Re1 Rxe1+ 26. Qxe1 Be2 27. Bd4 Nd5 28.
Bxg7 Kxg7 29. Ne4 Qc2 30. Nc5 Nf4 31. Kh2 g5 32. c4 Qg6 33. h4 Qh6 34. Qc3+ f6
35. h5 Nxh5 36. gxh5 Qxh5+ 37. Kg1 Qg4+ 0-1

[Event "FIDE World Rapid Team"]
[Site "Almaty KAZ"]
[Date "2024.08.03"]
[Round "6.17"]
[White "Kulon, Klaudia"]
[Black "Tregubenko, Nikolay"]
[Result "1-0"]
[WhiteTitle "IM"]
[WhiteElo "2415"]
[BlackElo "2023"]
[WhiteTeam "Q4Rail Kingsofchess Krakow"]
[BlackTeam "Rookies"]
[WhiteFideId "1131044"]
[BlackFideId "34358978"]
[EventDate "2024.08.02"]

1. c4 Nf6 2. g3 g6 3. Bg2 Bg7 4. Nc3 O-O 5. e3 d6 6. Nge2 e5 7. O-O Nc6 8. d4
exd4 9. exd4 Bf5 10. h3 Re8 11. Be3 Ne4 12. g4 Nxc3 13. Nxc3 Bd7 14. Qd2 Na5 15.
b3 c5 16. Nd5 Nc6 17. dxc5 dxc5 18. Bg5 Qa5 19. Qxa5 Nxa5 20. Rad1 Rac8 21. Ne7+
Rxe7 22. Bxe7 Bd4 23. Bxc5 Bxc5 24. Rxd7 Nc6 25. Rxb7 Ne5 26. Bd5 Kg7 27. Kg2 g5
28. Re1 Bd4 29. Re4 Bc3 30. Rxa7 1-0

[Event "FIDE World Rapid Team"]
[Site "Almaty KAZ"]
[Date "2024.08.03"]
[Round "6.19"]
[White "Utegaliyev, Azamat"]
[Black "Makhnev, Denis"]
[Result "0-1"]
[BlackTitle "GM"]
[WhiteElo "2418"]
[BlackElo "2551"]
[WhiteTeam "Greco"]
[BlackTeam "Astana-1"]
[WhiteFideId "13702467"]
[BlackFideId "13707647"]
[EventDate "2024.08.02"]

1. e4 e5 2. Bc4 Nf6 3. d3 c6 4. Nf3 d5 5. Bb3 a5 6. a3 a4 7. Ba2 Bd6 8. Nc3 dxe4
9. Ng5 O-O 10. Ncxe4 Nxe4 11. Nxe4 Bf5 12. Ng3 Qd7 13. Nxf5 Qxf5 14. O-O Nd7 15.
Re1 Rad8 16. Qe2 Nc5 17. Bd2 Rfe8 18. Ba5 Ra8 19. Bb4 Qd7 20. Qh5 g6 21. Qf3 Kg7
22. Re3 Ne6 23. Bxd6 Qxd6 24. Rae1 Ra5 25. c3 Rd8 26. Bxe6 Qxe6 27. d4 Qb3 28.
dxe5 Qe6 29. h4 h5 30. Re4 Rd2 31. Rf4 Rxb2 32. Rf6 Qe7 33. e6 Qxf6 34. e7 Qxf3
35. gxf3 Ra8 36. e8=Q Rxe8 37. Rxe8 Rb3 38. Re7 b5 0-1

[Event "FIDE World Rapid Team"]
[Site "Almaty KAZ"]
[Date "2024.08.03"]
[Round "6.20"]
[White "Zhalmakhanov, Ramazan"]
[Black "Aligozhin, Zhaslan"]
[Result "1-0"]
[WhiteTitle "IM"]
[BlackTitle "FM"]
[WhiteElo "2497"]
[BlackElo "2333"]
[WhiteTeam "Astana-1"]
[BlackTeam "Greco"]
[WhiteFideId "13706357"]
[BlackFideId "13702734"]
[EventDate "2024.08.02"]

1. e4 c5 2. Nf3 d6 3. Nc3 Nc6 4. d4 cxd4 5. Nxd4 Nf6 6. Bg5 e6 7. Qd2 a6 8.
O-O-O Bd7 9. f3 Be7 10. h4 Rc8 11. Kb1 b5 12. Nxc6 Bxc6 13. Ne2 O-O 14. Nd4 Bb7
15. g4 Nd7 16. Qh2 Nc5 17. Bc1 Bf6 18. Nb3 Nxb3 19. axb3 Qc7 20. g5 Be5 21. f4
Bxe4 22. Bd3 Bxh1 23. Qxh1 Qc6 24. Qg1 Bxf4 25. Bxf4 e5 26. Bd2 e4 27. Be2 Qxc2+
28. Ka2 Rfe8 29. Qe3 Qc5 30. Bg4 Rc7 31. Qf4 b4 32. Be3 Qe5 33. Rxd6 Qxf4 34.
Bxf4 a5 35. h5 Rc2 36. Rd4 Rg2 37. Bd7 Rd8 38. Rxe4 Rc2 39. Bb5 Rc5 40. Bc4 Rdc8
41. g6 hxg6 42. hxg6 Rxc4 43. bxc4 a4 44. b3 axb3+ 45. Kxb3 fxg6 46. Re7 1-0

[Event "FIDE World Rapid Team"]
[Site "Almaty KAZ"]
[Date "2024.08.03"]
[Round "6.21"]
[White "Askarov, Bakhtiyar"]
[Black "Kamalidenova, Meruert"]
[Result "1-0"]
[WhiteTitle "IM"]
[BlackTitle "IM"]
[WhiteElo "2280"]
[BlackElo "2352"]
[WhiteTeam "Greco"]
[BlackTeam "Astana-1"]
[WhiteFideId "13701100"]
[BlackFideId "13712802"]
[EventDate "2024.08.02"]

1. d4 d5 2. Nf3 c5 3. e3 Nf6 4. b3 Nc6 5. Bb2 Bf5 6. a3 e6 7. Nbd2 Bd6 8. dxc5
Bxc5 9. b4 Bd6 10. c4 O-O 11. Be2 Rc8 12. O-O Bb8 13. Rc1 Qe7 14. cxd5 exd5 15.
Nb3 Bg4 16. Nc5 b6 17. Na6 Bxf3 18. Bxf3 Be5 19. Bxe5 Nxe5 20. Qd4 Nxf3+ 21.
gxf3 Qd7 22. Kg2 Rc6 23. Qf4 Nh5 24. Qh4 Rg6+ 25. Kh1 Qf5 26. f4 Re8 27. Nc7 Rg4
28. Nxe8 Ng3+ 29. Qxg3 Rxg3 30. Nd6 1-0